000 00571nam a2200181Ia 4500
003 Ost
005 20260507075552.0
008 260507s9999||||xx |||||||||||||| ||und||
040 _cfsecg
041 _aara
082 _a330
100 _aعبد الحفيظ، صفوت احمد
_eمؤلف
245 0 _aدور الاستثمار الاجنبي /
_c صفوت احمد عبد الحفيظ
260 _aالاسكندرية:
_bدار المطبوعات الجامعية,
_c2005
300 _a571 صفحة؛
653 _aاستثمار اجنبي
942 _cكتاب
999 _c44932
_d44932